Tourism and biodiversity / (Record no. 126775)

MARC details
000 -LEADER
fixed length control field 00708nam a22002297a 4500
005 - DATE AND TIME OF LATEST TRANSACTION
control field 20170124110014.0
010 ## - LIBRARY OF CONGRESS CONTROL NUMBER
LC control number B-219638
020 ## - INTERNATIONAL STANDARD BOOK NUMBER
Terms of availability 825.00
International Standard Book Number 8188836729
035 ## - SYSTEM CONTROL NUMBER
System control number B-219638
037 ## - SOURCE OF ACQUISITION
Source of stock number/acquisition Cen Lib/Ret
040 ## - CATALOGING SOURCE
Original cataloging agency DPL
Language of cataloging EN
082 ## - DEWEY DECIMAL CLASSIFICATION NUMBER
Classification number 338.4791
Item number TOU
245 ## - TITLE STATEMENT
Title Tourism and biodiversity /
Statement of responsibility, etc edited by Romila Chawla
260 ## - PUBLICATION, DISTRIBUTION, ETC. (IMPRINT)
Place of publication, distribution, etc New Delhi
Name of publisher, distributor, etc Sonali Publications
Date of publication, distribution, etc 2005
270 ## - ADDRESS
Address 4228/1, Ansari Road
City New Delhi
Postal code 110002
300 ## - PHYSICAL DESCRIPTION
Extent 338p.
Dimensions 22cm(Hb)
490 ## - SERIES STATEMENT
Series statement Tourism and development series
650 ## - SUBJECT ADDED ENTRY--TOPICAL TERM
Topical term or geographic name as entry element Population and Biodiversity
9 (RLIN) 18460
650 ## - SUBJECT ADDED ENTRY--TOPICAL TERM
Topical term or geographic name as entry element Tourism and Biodiversity
9 (RLIN) 18461
700 ## - ADDED ENTRY--PERSONAL NAME
Personal name Chawla, Romila
9 (RLIN) 10555
942 ## - ADDED ENTRY ELEMENTS (KOHA)
Source of classification or shelving scheme Dewey Decimal Classification
Koha item type English Books
Classification part 338.4791
Call number suffix TOU
Holdings
Withdrawn status Lost status Damaged status Not for loan Home library Current library Date acquired Source of acquisition Cost, normal purchase price Total Checkouts Full call number Barcode Date last seen Copy number Cost, replacement price Price effective from Koha item type
        Central Library Central Library 26/06/2015 Cen Lib/Ret 825.00   338.4791 TOU B-219638 26/06/2015 1 825.00 26/06/2015 English Books

© Delhi Public Library
Hit Counter
free hit counter